[Event "ChampionshipRT"]
[Site "?"]
[Date "2015.10.03"]
[Round "2.10"]
[White "Shafigullina, Zarina"]
[Black "Markelova, Lubov"]
[Result "0-1"]
[LiveChessVersion "1.4.6"]
[BlackElo "2090"]
[WhiteElo "1933"]

1. d4 {[%clk 1:30:50]} d5 {[%clk 1:29:26]} 2. c4 {[%clk 1:30:21]} c6
{[%clk 1:28:46]} 3. Nf3 {[%clk 1:30:31]} Nf6 {[%clk 1:29:10]} 4. g3
{[%clk 1:30:13]} Bf5 {[%clk 1:27:47]} 5. Bg2 {[%clk 1:28:45]} e6 {[%clk 1:27:23]}
6. O-O {[%clk 1:25:10]} Be7 {[%clk 1:27:02]} 7. Nc3 {[%clk 1:23:21]} h6
{[%clk 1:24:10]} 8. Bf4 {[%clk 1:19:30]} Nbd7 {[%clk 1:20:45]} 9. Ne5
{[%clk 1:09:32]} O-O {[%clk 1:14:41]} 10. Re1 {[%clk 1:05:51]} Nxe5
{[%clk 1:03:53]} 11. dxe5 {[%clk 1:00:09]} Ne4 {[%clk 0:57:43]} 12. Nxe4
{[%clk 0:53:41]} dxe4 {[%clk 0:57:23]} 13. Qb3 {[%clk 0:53:40]} Qc7
{[%clk 0:44:34]} 14. h3 {[%clk 0:53:02]} Bc5 {[%clk 0:40:08]} 15. g4
{[%clk 0:47:43]} Bg6 {[%clk 0:38:24]} 16. e3 {[%clk 0:48:00]} Rfd8
{[%clk 0:27:02]} 17. Qc2 {[%clk 0:41:07]} Rd3 {[%clk 0:24:33]} 18. Bf1
{[%clk 0:41:22]} Rd7 {[%clk 0:24:01]} 19. Red1 {[%clk 0:41:41]} Rad8
{[%clk 0:21:57]} 20. Bg2 {[%clk 0:40:30]} Qb6 {[%clk 0:16:37]} 21. Rxd7
{[%clk 0:31:36]} Rxd7 {[%clk 0:17:02]} 22. a3 {[%clk 0:31:45]} a5
{[%clk 0:15:04]} 23. h4 {[%clk 0:16:42]} Rd3 {[%clk 0:07:30]} 24. h5
{[%clk 0:17:07]} Bh7 {[%clk 0:07:54]} 25. Rc1 {[%clk 0:15:26]} Qd8
{[%clk 0:06:12]} 26. Bg3 {[%clk 0:14:15]} Rd2 {[%clk 0:05:18]} 27. Qb3
{[%clk 0:13:46]} b6 {[%clk 0:05:14]} 28. Qa4 {[%clk 0:12:49]} Qg5
{[%clk 0:01:49]} 29. Qxc6 {[%clk 0:01:05]} Qxg4 {[%clk 0:02:03]} 30. Qe8+
{[%clk 0:00:39]} Bf8 {[%clk 0:02:29]} 31. Qa4 {[%clk 0:01:06]} Bf5
{[%clk 0:01:36]} 32. b4 {[%clk 0:01:04]} axb4 {[%clk 0:00:49]} 33. axb4
{[%clk 0:01:30]} Qe2 {[%clk 0:00:34]} 34. c5 {[%clk 0:00:38]} Ra2
{[%clk 0:00:37]} 35. Qb3 {[%clk 0:00:34]} Rb2 {[%clk 0:00:36]} 36. Qc3
{[%clk 0:00:35]} bxc5 {[%clk 0:00:37]} 37. bxc5 {[%clk 0:01:02]} Rb8
{[%clk 0:00:33]} 38. Qc4 {[%clk 0:00:36]} Qxh5 {[%clk 0:00:34]} 39. Bxe4
{[%clk 0:01:00]} Bxe4 {[%clk 0:00:34]} 40. Qxe4 {[%clk 0:01:26]} Rc8
{[%clk 0:00:39]} 41. c6 {[%clk 0:01:30]} Qg5 {[%clk 0:00:39]} 42. Kf1
{[%clk 0:00:38]} Qg6 {[%clk 0:00:33]} 43. Qf3 {[%clk 0:00:36]} Qd3+
{[%clk 0:00:42]} 44. Kg1 {[%clk 0:00:48]} Qb5 {[%clk 0:00:36]} 45. Kh2
{[%clk 0:00:38]} Bc5 {[%clk 0:00:39]} 46. Qg4 {[%clk 0:00:37]} Rxc6
{[%clk 0:00:33]} 47. Rg1 {[%clk 0:00:58]} Bf8 {[%clk 0:00:41]} 48. Bf4
{[%clk 0:00:58]} Rc2 {[%clk 0:00:34]} 49. Qg3 {[%clk 0:00:38]} Qe2
{[%clk 0:00:40]} 50. Kg2 {[%clk 0:00:33]} g6 {[%clk 0:00:35]} 51. Rh1
{[%clk 0:00:45]} h5 {[%clk 0:00:34]} 52. Ra1 {[%clk 0:00:33]} Qc4
{[%clk 0:00:39]} 53. Rg1 {[%clk 0:00:36]} Qd5+ {[%clk 0:00:35]} 54. Qf3
{[%clk 0:00:38]} Qxf3+ {[%clk 0:00:34]} 55. Kxf3 {[%clk 0:01:04]} Bg7
{[%clk 0:00:58]} 56. Ra1 {[%clk 0:00:46]} Rc7 {[%clk 0:00:37]} 57. Ra5
{[%clk 0:00:45]} Kh7 {[%clk 0:00:39]} 58. Ra1 {[%clk 0:00:38]} Bh6
{[%clk 0:00:36]} 59. Rg1 {[%clk 0:00:32]} Bf8 {[%clk 0:00:33]} 60. Rh1
{[%clk 0:00:32]} Be7 {[%clk 0:00:47]} 61. Rg1 {[%clk 0:00:58]} Rc5
{[%clk 0:01:00]} 62. Ke4 {[%clk 0:00:53]} Rc2 {[%clk 0:00:44]} 63. Kf3
{[%clk 0:01:15]} Rc4 {[%clk 0:00:44]} 64. Rg2 {[%clk 0:01:36]} Rc8
{[%clk 0:00:35]} 65. Rg1 {[%clk 0:01:39]} Rg8 {[%clk 0:00:35]} 66. Rc1
{[%clk 0:00:48]} g5 {[%clk 0:00:41]} 67. Bg3 {[%clk 0:00:33]} Kg6
{[%clk 0:00:57]} 68. Kg2 {[%clk 0:00:36]} Rd8 {[%clk 0:00:50]} 69. Rc7
{[%clk 0:00:53]} Bf8 {[%clk 0:01:10]} 70. Rb7 {[%clk 0:01:10]} h4
{[%clk 0:00:59]} 71. Bh2 {[%clk 0:01:23]} Rd5 {[%clk 0:01:04]} 72. Kf3
{[%clk 0:00:41]} Bg7 {[%clk 0:00:42]} 73. Kg4 {[%clk 0:00:32]} Bxe5
{[%clk 0:00:34]} 74. f4 {[%clk 0:00:38]} f5+ {[%clk 0:00:38]} 75. Kf3
{[%clk 0:00:57]} g4+ {[%clk 0:00:56]} 76. Ke2 {[%clk 0:00:35]} Bc3
{[%clk 0:01:03]} 77. Rc7 {[%clk 0:00:32]} Rd2+ {[%clk 0:00:52]} 78. Kf1
{[%clk 0:00:58]} Ba5 {[%clk 0:00:37]} 79. Ra7 {[%clk 0:01:07]} Ra2
{[%clk 0:00:34]} 80. Bg1 {[%clk 0:01:01]} Ra1+ {[%clk 0:00:54]} 81. Kg2
{[%clk 0:01:27]} h3+ {[%clk 0:00:43]} 82. Kh2 {[%clk 0:01:10]} Ra2+
{[%clk 0:01:03]} 83. Kh1 {[%clk 0:01:35]} g3 {[%clk 0:00:55]} 84. Ra8
{[%clk 0:02:01]} Kf7 {[%clk 0:00:38]} 85. Ra7+ {[%clk 0:01:56]} Kf6
{[%clk 0:00:54]} 86. Rh7 {[%clk 0:02:12]} h2 {[%clk 0:01:09]} 87. Bxh2
{[%clk 0:02:37]} Rxh2+ {[%clk 0:01:30]} 88. Rxh2 {[%clk 0:03:03]} gxh2
{[%clk 0:01:57]} 89. Kxh2 {[%clk 0:03:29]} Bd2 {[%clk 0:02:19]} 0-1

[Event "ChampionshipRT"]
[Site "?"]
[Date "2015.10.04"]
[Round "3.1"]
[White "Pavlov, Denis"]
[Black "Faizrakhmanov, Ramil"]
[Result "1/2-1/2"]
[LiveChessVersion "1.4.6"]
[BlackElo "2389"]
[WhiteElo "2284"]

1. d4 {[%clk 1:30:53]} Nf6 {[%clk 1:30:32]} 2. c4 {[%clk 1:31:15]} e6
{[%clk 1:30:44]} 3. Nc3 {[%clk 1:31:31]} Bb4 {[%clk 1:30:11]} 4. e3
{[%clk 1:31:23]} O-O {[%clk 1:29:46]} 5. Nge2 {[%clk 1:29:13]} d5
{[%clk 1:28:33]} 6. a3 {[%clk 1:28:33]} Be7 {[%clk 1:28:47]} 7. c5
{[%clk 1:23:55]} a5 {[%clk 1:20:00]} 8. Rb1 {[%clk 1:12:24]} b6 {[%clk 1:08:48]}
9. b4 {[%clk 1:12:18]} axb4 {[%clk 1:07:30]} 10. axb4 {[%clk 1:12:42]} bxc5
{[%clk 1:06:45]} 11. bxc5 {[%clk 1:12:37]} Nc6 {[%clk 1:05:46]} 12. f4
{[%clk 1:08:17]} Ba6 {[%clk 1:01:37]} 13. Ng3 {[%clk 1:05:00]} Na5
{[%clk 0:55:45]} 14. Bxa6 {[%clk 1:01:24]} Rxa6 {[%clk 0:56:08]} 15. O-O
{[%clk 1:01:09]} Qd7 {[%clk 0:55:28]} 16. Qd3 {[%clk 0:56:56]} Rfa8
{[%clk 0:55:15]} 17. Rf2 {[%clk 0:52:30]} Qc6 {[%clk 0:49:54]} 18. Rfb2
{[%clk 0:41:38]} Nc4 {[%clk 0:44:37]} 19. Rb5 {[%clk 0:36:34]} g6
{[%clk 0:36:47]} 20. e4 {[%clk 0:32:59]} Nd7 {[%clk 0:31:51]} 21. f5
{[%clk 0:23:53]} Na3 {[%clk 0:30:37]} 22. Bxa3 {[%clk 0:18:10]} Rxa3
{[%clk 0:30:13]} 23. fxe6 {[%clk 0:10:56]} fxe6 {[%clk 0:30:34]} 24. e5
{[%clk 0:09:34]} Qa6 {[%clk 0:16:21]} 25. Qd2 {[%clk 0:07:58]} Ra7
{[%clk 0:14:16]} 26. Nge2 {[%clk 0:07:10]} Ra8 {[%clk 0:11:08]} 27. h3
{[%clk 0:05:10]} Rf8 {[%clk 0:10:42]} 28. R5b3 {[%clk 0:03:07]} Rxb3
{[%clk 0:10:35]} 29. Rxb3 {[%clk 0:03:30]} Qc4 {[%clk 0:08:40]} 30. Rb7
{[%clk 0:03:28]} Nxc5 {[%clk 0:04:08]} 31. dxc5 {[%clk 0:02:57]} Bxc5+
{[%clk 0:04:33]} 32. Kh2 {[%clk 0:03:11]} Bf2 {[%clk 0:01:19]} 33. Qg5
{[%clk 0:02:16]} Qc6 {[%clk 0:01:12]} 34. Rb1 {[%clk 0:01:39]} d4
{[%clk 0:01:33]} 35. Nf4 {[%clk 0:01:25]} Be3 {[%clk 0:01:27]} 36. Nce2
{[%clk 0:01:20]} Qe4 {[%clk 0:01:35]} 37. Rf1 {[%clk 0:01:23]} d3
{[%clk 0:01:54]} 38. Qg4 {[%clk 0:01:44]} dxe2 {[%clk 0:01:33]} 39. Qxe6+
{[%clk 0:02:08]} Kg7 {[%clk 0:01:28]} 40. Qe7+ {[%clk 0:02:18]} Kg8
{[%clk 0:01:34]} 41. Qe6+ {[%clk 0:02:10]} Kg7 {[%clk 0:01:45]} 42. Qe7+
{[%clk 0:02:20]} Kg8 {[%clk 0:01:53]} 43. Qe6+ Kh8 44. Nxg6+ hxg6 1/2-1/2

[Event "ChampionshipRT"]
[Site "?"]
[Date "2015.10.04"]
[Round "3.2"]
[White "Murtazin, Bulat"]
[Black "Toropov, Pavel"]
[Result "0-1"]
[LiveChessVersion "1.4.6"]
[BlackElo "2262"]
[WhiteElo "2384"]

1. d4 {[%clk 1:30:59]} d5 {[%clk 1:25:59]} 2. c4 {[%clk 1:31:14]} c6
{[%clk 1:26:15]} 3. cxd5 {[%clk 1:31:26]} cxd5 {[%clk 1:26:41]} 4. Nc3
{[%clk 1:31:50]} Nf6 {[%clk 1:27:08]} 5. Bf4 {[%clk 1:32:13]} Nc6
{[%clk 1:27:30]} 6. Nf3 {[%clk 1:32:26]} e6 {[%clk 1:24:25]} 7. e3
{[%clk 1:32:32]} Bd6 {[%clk 1:20:41]} 8. Bxd6 {[%clk 1:24:19]} Qxd6
{[%clk 1:21:10]} 9. Be2 {[%clk 1:24:39]} O-O {[%clk 1:21:05]} 10. O-O
{[%clk 1:25:05]} Bd7 {[%clk 1:19:54]} 11. a3 {[%clk 1:22:54]} Rac8
{[%clk 1:19:10]} 12. Rc1 {[%clk 1:20:37]} a6 {[%clk 0:57:43]} 13. b4
{[%clk 1:01:24]} Rc7 {[%clk 0:54:08]} 14. Nd2 {[%clk 0:38:00]} Rfc8
{[%clk 0:53:21]} 15. Nb3 {[%clk 0:38:07]} Nxb4 {[%clk 0:38:08]} 16. axb4
{[%clk 0:37:30]} Rxc3 {[%clk 0:38:01]} 17. Rxc3 {[%clk 0:37:56]} Rxc3
{[%clk 0:38:27]} 18. Nc5 {[%clk 0:38:22]} Qb6 {[%clk 0:30:48]} 19. Qa1
{[%clk 0:37:19]} Qxb4 {[%clk 0:30:39]} 20. g4 {[%clk 0:12:07]} Bc6
{[%clk 0:25:40]} 21. Qb1 {[%clk 0:12:05]} a5 {[%clk 0:15:07]} 22. Nd3
{[%clk 0:08:34]} Qxb1 {[%clk 0:04:43]} 23. Rxb1 {[%clk 0:09:02]} Nxg4
{[%clk 0:04:47]} 24. Nc5 {[%clk 0:08:20]} Nf6 {[%clk 0:05:12]} 25. Nxb7
{[%clk 0:08:45]} Bxb7 {[%clk 0:05:29]} 26. Rxb7 {[%clk 0:09:10]} g5
{[%clk 0:05:49]} 27. Ra7 {[%clk 0:06:29]} Ra3 {[%clk 0:05:41]} 28. Bb5
{[%clk 0:05:18]} Ne4 {[%clk 0:05:27]} 29. Be8 {[%clk 0:05:33]} Nd6
{[%clk 0:05:54]} 30. Bd7 {[%clk 0:05:59]} Ra2 {[%clk 0:05:55]} 31. f3
{[%clk 0:04:09]} Re2 {[%clk 0:04:15]} 32. Ra6 {[%clk 0:02:56]} Nf5
{[%clk 0:02:01]} 33. f4 {[%clk 0:02:25]} gxf4 {[%clk 0:01:57]} 34. exf4
{[%clk 0:02:51]} Re4 {[%clk 0:02:01]} 35. Ra7 {[%clk 0:02:32]} Kg7
{[%clk 0:01:51]} 0-1

[Event "ChampionshipRT"]
[Site "?"]
[Date "2015.10.04"]
[Round "3.3"]
[White "Lebedev, Yury"]
[Black "Yandemirov, Valeri"]
[Result "0-1"]
[LiveChessVersion "1.4.6"]
[BlackElo "2376"]
[WhiteElo "2238"]

1. d4 {[%clk 1:28:55]} Nf6 {[%clk 1:30:55]} 2. Nf3 {[%clk 1:26:30]} g6
{[%clk 1:31:13]} 3. g3 {[%clk 1:26:54]} Bg7 {[%clk 1:31:14]} 4. Bg2
{[%clk 1:27:21]} O-O {[%clk 1:31:16]} 5. O-O {[%clk 1:27:47]} d5 {[%clk 1:31:23]}
6. c4 {[%clk 1:28:05]} c6 {[%clk 1:31:33]} 7. b3 {[%clk 1:28:09]} dxc4
{[%clk 1:27:37]} 8. bxc4 {[%clk 1:28:36]} c5 {[%clk 1:28:01]} 9. e3
{[%clk 1:28:10]} Nc6 {[%clk 1:26:41]} 10. Bb2 {[%clk 1:28:26]} Qb6
{[%clk 1:26:00]} 11. Qb3 {[%clk 1:28:08]} Na5 {[%clk 1:00:22]} 12. Qxb6
{[%clk 1:26:16]} axb6 {[%clk 1:00:48]} 13. Nbd2 {[%clk 1:21:28]} Ne8
{[%clk 0:51:52]} 14. Rfc1 {[%clk 1:15:38]} Nd6 {[%clk 0:48:17]} 15. Bf1
{[%clk 1:14:54]} Be6 {[%clk 0:33:36]} 16. Ne5 {[%clk 1:01:23]} Nc6
{[%clk 0:32:32]} 17. Nb3 {[%clk 0:46:37]} Ra4 {[%clk 0:32:05]} 18. Nd2
{[%clk 0:37:48]} cxd4 {[%clk 0:27:11]} 19. Nxc6 {[%clk 0:35:06]} bxc6
{[%clk 0:27:29]} 20. Bxd4 {[%clk 0:35:33]} Bxd4 {[%clk 0:24:08]} 21. exd4
{[%clk 0:35:52]} Nf5 {[%clk 0:24:32]} 22. Nf3 {[%clk 0:33:28]} Rd8
{[%clk 0:24:15]} 23. Rab1 {[%clk 0:33:25]} Nxd4 {[%clk 0:22:20]} 24. Nxd4
{[%clk 0:33:39]} Rxd4 {[%clk 0:22:48]} 25. Rxb6 {[%clk 0:33:21]} Rxa2
{[%clk 0:20:57]} 26. Rxc6 {[%clk 0:27:08]} Rdd2 {[%clk 0:21:22]} 27. c5
{[%clk 0:25:38]} Rxf2 {[%clk 0:21:36]} 28. Ra6 {[%clk 0:22:42]} Rxf1+
{[%clk 0:21:53]} 0-1

[Event "ChampionshipRT"]
[Site "?"]
[Date "2015.10.04"]
[Round "3.4"]
[White "Samusenko, Maksim"]
[Black "Nizamov, Bulat"]
[Result "1-0"]
[LiveChessVersion "1.4.6"]
[BlackElo "2091"]
[WhiteElo "2334"]

1. d4 Nf6 {[%clk 1:18:27]} 2. Bf4 {[%clk 1:31:14]} d5 {[%clk 1:17:15]} 3. e3
{[%clk 1:30:59]} c5 {[%clk 1:15:01]} 4. Nc3 {[%clk 1:31:16]} a6 {[%clk 1:09:49]}
5. dxc5 {[%clk 1:30:39]} e6 {[%clk 1:04:25]} 6. Na4 {[%clk 1:30:11]} Bxc5
{[%clk 0:56:07]} 7. Nxc5 {[%clk 1:30:34]} Qa5+ {[%clk 0:56:34]} 8. c3
{[%clk 1:30:52]} Qxc5 {[%clk 0:56:57]} 9. Nf3 {[%clk 1:31:13]} Bd7
{[%clk 0:54:34]} 10. a4 {[%clk 1:23:21]} b5 {[%clk 0:50:40]} 11. axb5
{[%clk 1:16:21]} Bxb5 {[%clk 0:50:20]} 12. Ra5 {[%clk 1:16:04]} Qc6
{[%clk 0:45:33]} 13. Nd4 {[%clk 1:13:36]} Qb7 {[%clk 0:45:51]} 14. Nxb5
{[%clk 1:13:14]} axb5 {[%clk 0:46:14]} 15. Bxb5+ {[%clk 1:12:43]} Nbd7
{[%clk 0:45:57]} 16. Rxa8+ {[%clk 1:12:53]} Qxa8 {[%clk 0:46:26]} 17. Bd6
{[%clk 1:12:15]} Qa5 {[%clk 0:41:31]} 18. Ba4 {[%clk 1:08:13]} Qa6
{[%clk 0:38:06]} 19. Ba3 {[%clk 1:07:48]} Qc4 {[%clk 0:33:00]} 20. Bb4
{[%clk 1:05:38]} h5 {[%clk 0:29:32]} 21. h3 {[%clk 0:58:08]} h4 {[%clk 0:28:28]}
22. b3 {[%clk 0:46:53]} Qe4 {[%clk 0:21:59]} 23. O-O {[%clk 0:44:53]} e5
{[%clk 0:19:54]} 24. Qe2 {[%clk 0:43:23]} d4 {[%clk 0:17:17]} 25. Qa6
{[%clk 0:41:16]} Kd8 {[%clk 0:17:43]} 26. Bc6 {[%clk 0:41:02]} Qc2
{[%clk 0:18:00]} 27. Qa5+ {[%clk 0:41:14]} Kc8 {[%clk 0:18:20]} 28. Bd6
{[%clk 0:41:33]} 1-0

[Event "ChampionshipRT"]
[Site "?"]
[Date "2015.10.04"]
[Round "3.5"]
[White "Korovin, Mikhail"]
[Black "Ospennikov, Dmitry V"]
[Result "1-0"]
[LiveChessVersion "1.4.6"]
[BlackElo "2296"]
[WhiteElo "2227"]

1. d4 {[%clk 1:29:00]} Nf6 {[%clk 1:30:51]} 2. Nf3 {[%clk 1:29:24]} g6
{[%clk 1:31:14]} 3. c4 {[%clk 1:29:44]} Bg7 {[%clk 1:31:31]} 4. Nc3
{[%clk 1:30:01]} d5 {[%clk 1:31:49]} 5. Qb3 {[%clk 1:29:53]} dxc4
{[%clk 1:32:04]} 6. Qxc4 {[%clk 1:30:17]} O-O {[%clk 1:32:24]} 7. e4
{[%clk 1:30:41]} Na6 {[%clk 1:31:56]} 8. Qb3 {[%clk 1:19:54]} c5 {[%clk 1:29:45]}
9. d5 {[%clk 1:20:18]} e6 {[%clk 1:25:51]} 10. Bxa6 {[%clk 1:19:16]} bxa6
{[%clk 1:23:03]} 11. O-O {[%clk 1:03:41]} exd5 {[%clk 1:23:05]} 12. exd5
{[%clk 1:04:05]} Bf5 {[%clk 1:22:37]} 13. Bf4 {[%clk 0:58:45]} Ne4
{[%clk 1:16:27]} 14. Rad1 {[%clk 0:54:31]} Nd6 {[%clk 1:11:55]} 15. Qa3
{[%clk 0:45:12]} Bc2 {[%clk 1:09:42]} 16. Rc1 {[%clk 0:45:32]} Bd3
{[%clk 1:06:26]} 17. Rfd1 {[%clk 0:44:17]} Nb5 {[%clk 0:54:42]} 18. Nxb5
{[%clk 0:41:11]} Bxb5 {[%clk 0:55:03]} 19. Be5 {[%clk 0:28:36]} Bh6
{[%clk 0:54:08]} 20. Rc2 {[%clk 0:28:04]} Qd7 {[%clk 0:49:59]} 21. Qc3
{[%clk 0:26:31]} Qf5 {[%clk 0:46:49]} 22. h3 {[%clk 0:26:09]} Rfe8
{[%clk 0:46:23]} 23. b3 {[%clk 0:07:47]} Rxe5 {[%clk 0:41:40]} 24. Nxe5
{[%clk 0:07:53]} Bg7 {[%clk 0:41:28]} 25. Ng4 {[%clk 0:08:12]} Re8
{[%clk 0:37:29]} 26. Qxc5 {[%clk 0:06:28]} h5 {[%clk 0:36:26]} 27. Ne3
{[%clk 0:06:52]} Qf4 {[%clk 0:36:42]} 28. a4 {[%clk 0:07:01]} Be5
{[%clk 0:27:12]} 29. axb5 {[%clk 0:06:37]} Qh2+ {[%clk 0:27:28]} 30. Kf1
{[%clk 0:07:02]} Bd6 {[%clk 0:26:06]} 31. Qc6 {[%clk 0:06:47]} Re7
{[%clk 0:25:54]} 32. Ke2 {[%clk 0:06:55]} f5 {[%clk 0:25:33]} 33. Kd3
{[%clk 0:06:08]} axb5 {[%clk 0:25:06]} 34. g3 {[%clk 0:06:26]} 1-0

[Event "ChampionshipRT"]
[Site "?"]
[Date "2015.10.04"]
[Round "3.6"]
[White "Glukhov, Alexander"]
[Black "Akhmetov, Ruslan"]
[Result "1-0"]
[LiveChessVersion "1.4.6"]
[BlackElo "1751"]
[WhiteElo "2287"]

1. e4 {[%clk 1:17:11]} e5 {[%clk 1:30:52]} 2. Nf3 {[%clk 1:17:31]} Nf6
{[%clk 1:31:04]} 3. Nxe5 {[%clk 1:17:53]} d6 {[%clk 1:31:07]} 4. Nf3
{[%clk 1:18:14]} Nxe4 {[%clk 1:31:26]} 5. Nc3 {[%clk 1:18:38]} Nf6
{[%clk 1:30:25]} 6. d4 {[%clk 1:18:56]} d5 {[%clk 1:30:11]} 7. Bd3
{[%clk 1:15:47]} Be7 {[%clk 1:29:11]} 8. O-O {[%clk 1:16:02]} O-O
{[%clk 1:28:51]} 9. Ne5 {[%clk 1:16:26]} Nbd7 {[%clk 1:27:34]} 10. Re1
{[%clk 0:49:34]} c6 {[%clk 1:06:40]} 11. Bf4 {[%clk 0:46:10]} Nxe5
{[%clk 1:03:11]} 12. Bxe5 {[%clk 0:41:51]} Bd6 {[%clk 0:56:05]} 13. Qf3
{[%clk 0:42:01]} Bxe5 {[%clk 0:55:25]} 14. dxe5 {[%clk 0:42:21]} Nd7
{[%clk 0:53:24]} 15. Qe3 {[%clk 0:24:31]} Re8 {[%clk 0:43:44]} 16. f4
{[%clk 0:21:55]} g6 {[%clk 0:41:51]} 17. Qf2 {[%clk 0:19:29]} Qb6
{[%clk 0:36:15]} 18. Qxb6 {[%clk 0:17:45]} axb6 {[%clk 0:35:26]} 19. Rad1
{[%clk 0:14:02]} b5 {[%clk 0:33:50]} 20. a3 {[%clk 0:14:28]} Nb6 {[%clk 0:33:58]}
21. Kf2 {[%clk 0:10:16]} Nc4 {[%clk 0:30:44]} 22. Rb1 {[%clk 0:10:43]} Bd7
{[%clk 0:27:26]} 23. Ne2 {[%clk 0:06:24]} Re7 {[%clk 0:21:50]} 24. c3
{[%clk 0:05:33]} Rae8 {[%clk 0:18:32]} 25. b3 {[%clk 0:05:21]} Nd2
{[%clk 0:15:16]} 26. Rb2 {[%clk 0:05:38]} Ne4+ {[%clk 0:15:40]} 27. Bxe4
{[%clk 0:05:21]} dxe4 {[%clk 0:16:08]} 28. Ng3 {[%clk 0:05:44]} f5
{[%clk 0:12:35]} 29. exf6 {[%clk 0:06:13]} e3+ {[%clk 0:12:38]} 30. Kf3
{[%clk 0:05:40]} Re6 {[%clk 0:10:04]} 31. Rbe2 {[%clk 0:06:08]} Kf7
{[%clk 0:07:17]} 32. Rxe3 {[%clk 0:06:05]} Rxe3+ {[%clk 0:07:33]} 33. Rxe3
{[%clk 0:06:34]} Bg4+ {[%clk 0:06:11]} 34. Kf2 {[%clk 0:07:03]} Rxe3
{[%clk 0:06:04]} 35. Kxe3 {[%clk 0:07:31]} Kxf6 {[%clk 0:06:19]} 36. Ne4+
{[%clk 0:08:00]} Ke7 {[%clk 0:05:57]} 37. Kd4 {[%clk 0:08:28]} b6
{[%clk 0:05:35]} 38. Ke5 {[%clk 0:08:34]} Be6 {[%clk 0:05:14]} 39. b4
{[%clk 0:08:57]} Bd5 {[%clk 0:05:35]} 40. g4 {[%clk 0:09:17]} Bxe4
{[%clk 0:05:46]} 41. Kxe4 {[%clk 0:09:45]} Kf6 {[%clk 0:05:16]} 42. h4
{[%clk 0:09:51]} h5 {[%clk 0:05:09]} 43. gxh5 {[%clk 0:09:56]} gxh5
{[%clk 0:05:37]} 44. f5 {[%clk 0:10:16]} Kf7 {[%clk 0:04:06]} 45. Ke5
{[%clk 0:10:37]} Ke7 {[%clk 0:04:30]} 46. f6+ {[%clk 0:11:03]} Kf7
{[%clk 0:04:43]} 47. Kd6 {[%clk 0:10:48]} Kxf6 {[%clk 0:05:01]} 48. Kxc6
{[%clk 0:11:12]} Kf5 {[%clk 0:05:06]} 49. Kxb6 {[%clk 0:11:37]} Kg4
{[%clk 0:05:23]} 50. Kxb5 {[%clk 0:12:00]} Kg5 1-0

[Event "ChampionshipRT"]
[Site "?"]
[Date "2015.10.04"]
[Round "3.7"]
[White "Garafutdinov, Ainur"]
[Black "Nizamov, Ildar"]
[Result "0-1"]
[LiveChessVersion "1.4.6"]
[BlackElo "2286"]
[WhiteElo "1998"]

1. e4 {[%clk 1:30:58]} c5 {[%clk 1:30:57]} 2. Nc3 {[%clk 1:31:26]} Nc6
{[%clk 1:31:13]} 3. g3 {[%clk 1:31:53]} g6 {[%clk 1:31:09]} 4. Bg2 Bg7
{[%clk 1:31:32]} 5. d3 {[%clk 1:32:46]} d6 {[%clk 1:31:48]} 6. Be3
{[%clk 1:32:50]} Rb8 {[%clk 1:22:37]} 7. Qd2 {[%clk 1:33:09]} b5 {[%clk 1:23:01]}
8. Nge2 {[%clk 1:31:55]} Nd4 {[%clk 1:22:02]} 9. O-O {[%clk 1:32:09]} b4
{[%clk 1:18:31]} 10. Nd1 {[%clk 1:32:05]} Nxe2+ {[%clk 1:18:49]} 11. Qxe2
{[%clk 1:32:22]} Nf6 {[%clk 1:19:16]} 12. e5 {[%clk 1:30:43]} Ng4
{[%clk 1:13:11]} 13. exd6 {[%clk 1:09:32]} Qxd6 {[%clk 1:13:39]} 14. Bf4
{[%clk 1:08:57]} e5 {[%clk 1:14:05]} 15. h3 {[%clk 1:09:05]} O-O {[%clk 1:14:14]}
16. Bd2 {[%clk 1:09:24]} Nh6 {[%clk 1:10:23]} 17. Ne3 {[%clk 0:59:18]} Nf5
{[%clk 1:10:47]} 18. Nc4 {[%clk 0:59:37]} Qc7 {[%clk 1:00:43]} 19. Qd1
{[%clk 0:55:11]} Be6 {[%clk 1:00:44]} 20. a3 {[%clk 0:53:56]} bxa3
{[%clk 0:55:04]} 21. Rxa3 {[%clk 0:49:52]} Bxc4 {[%clk 0:52:15]} 22. dxc4
{[%clk 0:50:21]} Rxb2 {[%clk 0:50:31]} 23. Bc3 {[%clk 0:49:54]} Rbb8
{[%clk 0:42:01]} 24. Qa1 {[%clk 0:50:03]} Nd4 {[%clk 0:41:26]} 25. Rxa7
{[%clk 0:50:02]} Qc8 {[%clk 0:40:07]} 26. Bxd4 {[%clk 0:46:24]} exd4
{[%clk 0:35:23]} 27. Qa5 {[%clk 0:45:53]} Qf5 {[%clk 0:35:38]} 28. Bd5
{[%clk 0:40:55]} Rb2 {[%clk 0:32:36]} 29. Qxc5 {[%clk 0:33:07]} Rxc2
{[%clk 0:33:01]} 30. Qe7 {[%clk 0:31:22]} Be5 {[%clk 0:17:02]} 31. f4
{[%clk 0:24:07]} Bg7 {[%clk 0:11:34]} 32. Be4 {[%clk 0:13:13]} Qxh3
{[%clk 0:12:00]} 33. Bxc2 {[%clk 0:13:40]} Qxg3+ {[%clk 0:12:19]} 34. Kh1
{[%clk 0:14:10]} Qh3+ {[%clk 0:11:23]} 35. Kg1 {[%clk 0:14:39]} d3
{[%clk 0:09:00]} 36. Qd7 {[%clk 0:15:01]} Qg3+ {[%clk 0:08:51]} 37. Kh1
{[%clk 0:15:31]} dxc2 {[%clk 0:08:48]} 38. Qd2 {[%clk 0:12:36]} Bc3
{[%clk 0:08:29]} 39. Qd5 {[%clk 0:10:28]} Qh3+ {[%clk 0:08:23]} 40. Kg1
{[%clk 0:10:58]} Qe3+ {[%clk 0:08:51]} 0-1

[Event "ChampionshipRT"]
[Site "?"]
[Date "2015.10.04"]
[Round "3.8"]
[White "Samusenko, Aleksandr V"]
[Black "Makhmutov, Rail"]
[Result "0-1"]
[LiveChessVersion "1.4.6"]
[BlackElo "2461"]
[WhiteElo "2325"]

1. d4 {[%clk 1:30:56]} Nf6 {[%clk 1:30:30]} 2. Bf4 {[%clk 1:31:16]} d5
{[%clk 1:30:43]} 3. e3 {[%clk 1:31:26]} c5 {[%clk 1:31:01]} 4. Nc3
{[%clk 1:30:57]} a6 {[%clk 1:22:17]} 5. dxc5 {[%clk 1:31:01]} Nc6
{[%clk 1:20:30]} 6. a3 {[%clk 1:29:02]} g6 {[%clk 1:18:13]} 7. Nf3
{[%clk 1:16:30]} Bg7 {[%clk 1:18:33]} 8. Be2 {[%clk 1:15:59]} O-O
{[%clk 1:11:36]} 9. O-O {[%clk 1:15:43]} Ne4 {[%clk 1:11:17]} 10. Na4
{[%clk 1:06:27]} e5 {[%clk 1:09:52]} 11. Bg3 {[%clk 1:06:14]} Be6
{[%clk 1:09:23]} 12. Nb6 {[%clk 0:58:55]} Ra7 {[%clk 1:00:33]} 13. c4
{[%clk 0:48:39]} dxc4 {[%clk 0:40:54]} 14. Nxc4 {[%clk 0:42:28]} Qxd1
{[%clk 0:31:54]} 15. Raxd1 {[%clk 0:39:34]} f6 {[%clk 0:27:49]} 16. Rc1
{[%clk 0:34:52]} Nxc5 {[%clk 0:27:18]} 17. Nfd2 {[%clk 0:31:22]} Rd8
{[%clk 0:25:18]} 18. b4 {[%clk 0:31:13]} Na4 {[%clk 0:21:36]} 19. Nb3
{[%clk 0:25:39]} Ne7 {[%clk 0:19:04]} 20. e4 {[%clk 0:21:46]} Raa8
{[%clk 0:17:59]} 21. Nca5 {[%clk 0:19:04]} Rd7 {[%clk 0:16:27]} 22. Rfd1
{[%clk 0:15:05]} Rxd1+ {[%clk 0:15:24]} 23. Bxd1 {[%clk 0:15:04]} b6
{[%clk 0:14:22]} 24. Nc5 {[%clk 0:10:43]} Nxc5 {[%clk 0:13:57]} 25. bxc5
{[%clk 0:10:46]} bxa5 {[%clk 0:14:19]} 26. Ba4 {[%clk 0:10:59]} Rc8
{[%clk 0:12:48]} 27. f3 {[%clk 0:11:22]} Bh6 {[%clk 0:11:30]} 28. Rc3
{[%clk 0:10:46]} Nc6 {[%clk 0:11:24]} 0-1